000 00567nam a2200229Ia 4500
003 OSt
005 20221007074855.0
006 a|||||r|||| 00| 0
007 ta
008 221006b |||||||| |||| 00| 0 eng d
024 _a17,519
037 _cTextual
040 _aFLL
_cFLL
_beng
041 _2eng
_aeng
082 _aY:45.2, N1
100 _aGhosh S.K. Au.
245 0 _aIndian mafia
260 _aNew Delhi
_bAshish India
_c1991
300 _a111p
_ccm.
942 _hY:45.2, N1
_cTEXL
_2CC
999 _c1153989
_d1153989